• 首页
  • 本馆介绍
  • 公告通知
  • 最新文献
  • 馆藏检索
  • 电子资源
  • 读者导购
  • 参考咨询
  • 我的图书馆
  • 登录
  • 详细信息显示
  • 放入我的书架
  • 预约/预借图书
  • 作者相关作品
  • 分类相关作品
  • 丛书相关作品
  • 出版社相关作品

书目信息

  • 表格格式
  • 工作单格式
  • 卡片格式
题名:
科学施肥实用技术
    
 
作者: 李亚洲 , 姜永忠 主编
分册:  
出版信息: 北京   中国农业科学技术出版社  2016.06
页数: 218页
开本: 21cm
丛书名:
单 册:
中图分类: S147.2
科图分类:
主题词: 施肥--shi fei--实用技术
电子资源:
ISBN: 978-7-5116-2618-9
000 00857nam0 2200253 450
001 0106081736
005 20201106082042.0
010    @a978-7-5116-2618-9@dCNY26.00
100    @a20160923d2016 em y0chiy50 ea
101 0  @achi
102    @aCN@b110000
105    @ay z 000yy
106    @ar
200 1  @a科学施肥实用技术@Ake xue shi fei shi yong ji shu@f李亚洲, 姜永忠主编
210    @a北京@c中国农业科学技术出版社@d2016.06
215    @a218页@d21cm
300    @a新型职业农民培育工程通用教材
330    @a本书主要阐述了农业生产中所用的肥料和主要农作物的施肥技术,同时对目前广泛关注的测土配方施肥技术和水肥一体化技术进行了简要介绍。
606 0  @a施肥@Ashi fei@x实用技术
690    @aS147.2@v5
701  0 @a李亚洲@Ali ya zhou@4主编
701  0 @a姜永忠@Ajiang yong zhong@4主编
801  0 @aCN@bBJSZM@c20201106
905    @b1190336-9@dS147.2@e121@f4
    
    科学施肥实用技术/李亚洲, 姜永忠主编.-北京:中国农业科学技术出版社,2016.06
    218页;21cm
    新型职业农民培育工程通用教材
    
    ISBN 978-7-5116-2618-9:CNY26.00
    本书主要阐述了农业生产中所用的肥料和主要农作物的施肥技术,同时对目前广泛关注的测土配方施肥技术和水肥一体化技术进行了简要介绍。
●
相关链接 在E读中查询图书 在五车中查询图书 在当当中查询图书 在豆瓣中查询图书


正题名:科学施肥实用技术     索取号:S147.2/121         预约/预借

序号 登录号 条形码 馆藏地/架位号 状态 备注
1 1190336   211903369   第二样本阅览室/ [索取号:S147.2/121] 在馆    
2 1190337   211903378   第三借阅区/ [索取号:S147.2/121] 在馆    
3 1190338   211903387   第三借阅区/ [索取号:S147.2/121] 在馆    
4 1190339   211903396   第三借阅区/ [索取号:S147.2/121] 在馆    
唐山师范学院图书馆 欢迎您!
大连网信软件有限公司© 版权所有